Demographics of Hamburg - Statistics

General Stats
  • This quiz has been taken 184 times
  • The average score is 30 of 42
Answer Stats
Rank Country % Correct
23. United Kingdom
96%
18. France
93%
2. Poland
93%
8. Russia
93%
12. Spain
93%
1. Turkey
93%
33. Denmark
90%
26. United States
90%
19. China
88%
9. Italy
88%
21. Austria
87%
4. Syria
87%
27. Netherlands
85%
6. Portugal
85%
11. Greece
82%
24. Ukraine
82%
25. India
81%
5. Romania
81%
38. Switzerland
79%
13. Serbia
78%
10. Iran
77%
20. Iraq
77%
31. Egypt
75%
39. Japan
75%
35. Albania
74%
14. Croatia
74%
7. Bulgaria
72%
3. Afghanistan
70%
32. Brazil
66%
22. Bosnia and Herzegovina
65%
34. Hungary
63%
41. South Korea
61%
28. Kosovo
58%
30. Vietnam
58%
42. Nigeria
54%
36. Thailand
52%
15. Macedonia
46%
37. Lithuania
45%
40. Montenegro
42%
17. Ghana
40%
16. Philippines
30%
29. Eritrea
19%
No matching quizzes found
Score Distribution
Percent of People with Each Score
Percentile by Number Answered
Your Score History
You have not taken this quiz